000 00749nam a22002057a 4500
999 _c8820
_d8820
003 AR-CdUCM
008 190326b ||||| |||| 00| 0 epa d
040 _aMUNICIPALIDAD PROVINCIAL DEL CUSCO
_cBIBLIOTECA MUNICIPAL DEL CUSCO
082 _a793 /
_bM56
100 _aMerino Lanzilotti, Ignacio Cristobal
_924568
245 _aEl teatro /
260 _aMéxico :
_bAsociación nacional de universidades e institutos de enseñanza superior,
_c1972.
300 _a58 paginas ;
_c21 cm.
505 _aContenido :Juegos rituales en América --De Castilla a nueva España --Nacimiento de una conciencia /
650 _aFiestas rituales
_924569
650 _aJuegos
_916094
650 _aTeatro barroco
_924570
942 _2ddc
_cLIBROS
945 _arjall